Berufs- und wirtschaftspaedagogische Zeitschriften : Aufsaetze zu ihrer Analyse

Αποθηκεύτηκε σε:
Λεπτομέρειες βιβλιογραφικής εγγραφής
Άλλοι συγγραφείς: Stratmann, Karlwilhelm (Επιμελητής έκδοσης)
Μορφή: Βιβλίο
Γλώσσα:German
Δημοσίευση: Frankfurt am Main : Gesellschaft zur Forderung arbeitsorientierter Forschung und Bildung, 1994
Θέματα:
Ετικέτες: Προσθήκη ετικέτας
Δεν υπάρχουν, Καταχωρήστε ετικέτα πρώτοι!

MARC

LEADER 00000nam a2200000 i 4500
001 1/9056
008 000731s1994 ger d
020 |a 3-925070-11-7 
035 |l 10062913 
040 |a GR-MY-UA  |b gre  |e aacr 
041 0 |a ger 
082 0 |a 371.425 
245 1 0 |a Berufs- und wirtschaftspaedagogische Zeitschriften :  |b Aufsaetze zu ihrer Analyse /  |c herausgegeben von Karlwilhelm Stratmann 
260 |a Frankfurt am Main :   |b Gesellschaft zur Forderung arbeitsorientierter Forschung und Bildung,   |c 1994 
300 |a 399 p.;  |c 21 cm 
650 0 0 |a Vocational guidance. 
700 1 |a Stratmann, Karlwilhelm.  |4 edt 
852 |a INST  |b RHODES  |e 20000731  |h 371.425 BER  |p 005400013842  |q 005400013842  |t BK  |y 0 
901 |a BIBL4-2000-2 
909 |a Ρ  |b 069275 
922 |a 4ΕΛΗ  |b 199910  |c ΚΠΣ/154  |d LEADER BOOKS 
970 |z 2000/08/ΧΡΥΣΑΝΘΗ